[Event "Beacon Seniors op 60+"]
[Site "Exmouth"]
[Date "2005.11.15"]
[Round "2"]
[White "Warner, Marian"]
[Black "Morris, John R"]
[Result "0-1"]
[WhiteElo "1224"]
[BlackElo "1456"]
[PlyCount "112"]
[EventDate "2005.11.14"]
[EventType "swiss"]
[EventRounds "5"]
[EventCountry "ENG"]
[SourceTitle "EXT 2007"]
[Source "ChessBase"]
[SourceDate "2006.11.23"]
[SourceVersion "1"]
[SourceVersionDate "2006.11.23"]
[SourceQuality "1"]

1. e4 c5 2. Nf3 Nc6 3. Bc4 e6 4. 0-0 g6 5. Nc3 Bg7 6. b3 a6 7. Rb1 b5 8. Bd3 Nb4 9. a3 Nxd3 10. cxd3 Ne7 11. Bb2 0-0 12. Re1 Bb7 13. b4 cxb4 14. axb4 Nc6 15. Ba3 Ne5 16. Nxe5 Bxe5 17. Qe2 Qc7 18. g3 Rae8 19. Rbc1 Qb8 20. f4 Bd4+ 21. Kf1 Ba8 22. Nd1 Qb7 23. Nf2 f5 24. Kg2 Qb6 25. Rc2 Rc8 26. Rxc8 Rxc8 27. Nh3 Rc2 28. Rc1 Qc6 29. Qd1 Rxc1 30. Qxc1 Qxc1 31. Bxc1 fxe4 32. dxe4 Bxe4+ 33. Kf1 h6 34. Ke2 Bf5 35. Nf2 e5 36. fxe5 Bxe5 37. Nd1 Bd6 38. Ne3 Bxb4 39. Nd5 Bd6 40. d3 Kg7 41. Bb2+ Kf7 42. Nb6 Bc5 43. Nd5 a5 44. d4 Bd6 45. Kf3 a4 46. Nc3 Bd3 47. Ke3 Bc4 48. Ke4 a3 49. Bc1 Bf8 50. Ke3 b4 51. Kd2 h5 52. Kc2 b3+ 53. Kb1 Bb4 54. Nd1 Bd3+ 55. Ka1 Bc2 56. Be3 Bc3+ 0-1

[Event "Guernsey Holiday op"]
[Site "St Peter Port"]
[Date "2003.10.19"]
[Round "1"]
[White "Warner, Marian"]
[Black "Bakkes, Frits"]
[Result "0-1"]
[WhiteElo "1288"]
[BlackElo "1600"]
[PlyCount "74"]
[EventDate "2003.10.19"]
[EventType "swiss"]
[EventRounds "7"]
[EventCountry "GCI"]
[SourceTitle "EXT 2006"]
[Source "ChessBase"]
[SourceDate "2005.11.24"]
[SourceVersion "1"]
[SourceVersionDate "2005.11.24"]
[SourceQuality "1"]

1. e4 g6 2. d4 d6 3. h3 Bg7 4. Nf3 Nd7 5. Be3 Ngf6 6. Bd3 0-0 7. c3 c5 8. Nbd2 a6 9. b3 b5 10. c4 cxd4 11. Bxd4 Nc5 12. Qc2 Nxd3+ 13. Qxd3 bxc4 14. Nxc4 Bb7 15. Ncd2 e5 16. Bb2 a5 17. 0-0 Ba6 18. Nc4 d5 19. Nfxe5 dxc4 20. Qxd8 Rfxd8 21. Nxc4 Bxc4 22. bxc4 Nxe4 23. Bxg7 Kxg7 24. Rfe1 Nc5 25. g4 Re8 26. Kf1 Re6 27. Rxe6 Nxe6 28. Re1 Rc8 29. Rc1 g5 30. Kg2 a4 31. a3 h6 32. Kg3 Nd4 33. Re1 Rxc4 34. Re3 Nb5 35. Kf3 Rc3 36. Rxc3 Nxc3 37. Ke3 Nb5 0-1